Library Banner

Futuristic education and creative thinking skills/ (Record no. 101301)

MARC details
000 -LEADER
fixed length control field 00406nam a22001457a 4500
005 - DATE AND TIME OF LATEST TRANSACTION
control field 20180102121717.0
008 - FIXED-LENGTH DATA ELEMENTS--GENERAL INFORMATION
fixed length control field 180102b xxu||||| |||| 00| 0 eng d
040 ## - CATALOGING SOURCE
Transcribing agency PK-LaUMT
082 ## - DEWEY DECIMAL CLASSIFICATION NUMBER
Classification number PKAC 153.42
Item number IKR-F
100 ## - MAIN ENTRY--PERSONAL NAME
Personal name Ikram Azam
245 ## - TITLE STATEMENT
Title Futuristic education and creative thinking skills/
Statement of responsibility, etc Ikram Azam
260 ## - PUBLICATION, DISTRIBUTION, ETC. (IMPRINT)
Place of publication, distribution, etc Islamabad:
Name of publisher, distributor, etc The PFI margalla voices,
Date of publication, distribution, etc 2006
300 ## - PHYSICAL DESCRIPTION
Extent 274 p.
942 ## - ADDED ENTRY ELEMENTS (KOHA)
Koha item type Books
Holdings
Withdrawn status Lost status Damaged status Home library Current library Date acquired Full call number Barcode Date last seen Price effective from Koha item type
      UMT Main Campus UMT Main Campus 2018-01-02 PKAC 153.42 IKR-F 117133 2018-01-02 2018-01-02 Books